Joseph Gordon-Levitt Movies Quiz Stats

Quiz Updated Jan 2, 2018

Challenge
Share
Tweet
Embed
Score 0/41 Timer 06:00
0 Plays Today
Year Movie % Correct
2010Inception
72.9%
2012The Dark Knight Rises
72.6%
2013Don Jon
71.2%
2009(500) Days of Summer
68.1%
2012Looper
61.7%
201150/50
56%
2012Lincoln
51.4%
199910 Things I Hate About You
47.6%
2015The Walk
45.6%
1994Angels in the Outfield
35.5%
2005Brick
35.4%
2012Premium Rush
30.7%
2009G.I. Joe: The Rise of Cobra
28.8%
2017Star Wars: The Last Jedi
28.6%
2002*Treasure Planet
25.5%
2004Mysterious Skin
20.8%
2007The Lookout
18.4%
2010Hesher
18.2%
2014Sin City: A Dame to Kill For
16.5%
2008Stop-Loss
13.9%
1992A River Runs Through It
13.6%
Year Movie % Correct
2016Straight Outta Oz
12.5%
2001Manic
11.5%
2016Snowden
11.4%
1998Halloween H20:20 Years Later
10.5%
2005Havoc
8.9%
2010Elektra Luxx
8.7%
1996The Juror
7.5%
2008Killshot
6.9%
2005Shadowboxer
6.7%
2003Latter Days
6.6%
2008Miracle at St. Anna
6.5%
2009Uncertainty
6.3%
2009Women in Trouble
6.3%
2015The Night Before
5.7%
1998Sweet Jane
5.1%
1994Holy Matrimony
4.3%
2000Picking Up the Pieces
3.7%
2000Forever Lulu
3.4%
1994Roadflower
3.3%
2009Big Breaks
2.6%

You're not logged in!

Compare scores with friends on all Sporcle quizzes.
Sign Up with Email
OR
Log In

You Might Also Like...

Show Comments

Extras

Top Quizzes Today


Score Distribution

Your Account Isn't Verified!

In order to create a playlist on Sporcle, you need to verify the email address you used during registration. Go to your Sporcle Settings to finish the process.

Report this User

Report this user for behavior that violates our Community Guidelines.

Details: